00610nam a2200217Ia 4500008004100000020001800041050001700059050001400076100002000090245002900110245006400139260001700203260003500220260000900255300001600264300002000280300001100300440003200311500002000343650002900363180523s9999 xx 000 0 und d a1-59139-436-8 aMAIN HD 62.5 b.E58 2004 aLuecke, Richard 0aEntrepreneur's toolkit : 0btools and techniques to launch and grow your new business / aBoston, MA : bHarvard Business School Press, c2004 a258 pages : billustrations ; c23 cm. aHarvard Business Essentials aIncludes index. aNew business enterprise.